Լուսաբացներին ընդառաջ : (Record no. 76177)
[ view plain ]
| 000 -LEADER | |
|---|---|
| fixed length control field | 01052nam a2200217 a 4500 |
| 001 - CONTROL NUMBER | |
| control field | 000217368 |
| 003 - CONTROL NUMBER IDENTIFIER | |
| control field | AM-YeHGA |
| 005 - DATE AND TIME OF LATEST TRANSACTION | |
| control field | 20250618071503.0 |
| 008 - FIXED-LENGTH DATA ELEMENTS--GENERAL INFORMATION | |
| fixed length control field | 030410s1999 ai c||||r|||||000|0|arm|d |
| 040 ## - CATALOGING SOURCE | |
| Original cataloging agency | AM-YeHGA |
| 041 0# - LANGUAGE CODE | |
| Language code of text/sound track or separate title | arm |
| 090 ## - LOCALLY ASSIGNED LC-TYPE CALL NUMBER (OCLC); LOCAL CALL NUMBER (RLIN) | |
| -- | 77412 |
| 100 1# - MAIN ENTRY--PERSONAL NAME | |
| Personal name | Կարայան, Ռոբերտ Մուշեղի, |
| Dates associated with a name | 1937-2015 |
| 9 (RLIN) | 1952 |
| 245 10 - TITLE STATEMENT | |
| Title | Լուսաբացներին ընդառաջ : |
| Remainder of title | Բանաստեղծություններ; Առակներ; Քառյակներ և իմաստախոսություններ; Գրական մանրաքանդակներ; Էպիգրամներ / |
| Statement of responsibility, etc. | Ռ. Կարայան; Առաջաբ.՝ Վ. Մնացականյան ; Նկ.՝ Հ. Մամյան. |
| 260 ## - PUBLICATION, DISTRIBUTION, ETC. | |
| Place of publication, distribution, etc. | Լոս Անջելես : |
| Name of publisher, distributor, etc. | Ա․ հ․, |
| Date of publication, distribution, etc. | 1999. |
| 300 ## - PHYSICAL DESCRIPTION | |
| Extent | 310 էջ : |
| Other physical details | 1թ. դիմանկ. ; |
| Dimensions | 20 սմ. |
| 650 14 - SUBJECT ADDED ENTRY--TOPICAL TERM | |
| Topical term or geographic name entry element | Հայ գրականություն |
| General subdivision | Ժողովածու |
| 700 1# - ADDED ENTRY--PERSONAL NAME | |
| Personal name | Մնացականյան, Վազգեն Միքայելի, |
| Dates associated with a name | 1915-1998 |
| Relator term | խմբ. |
| Relationship | edt |
| 9 (RLIN) | 2736 |
| 700 1# - ADDED ENTRY--PERSONAL NAME | |
| Personal name | Մամյան, Հենրիկ Արամի, |
| Dates associated with a name | 1934- |
| Relator term | նկ. |
| Relationship | ill |
| 942 ## - ADDED ENTRY ELEMENTS (KOHA) | |
| Source of classification or shelving scheme | Universal Decimal Classification |
| Koha item type | Գրքեր / Books |
| Withdrawn status | Lost status | Damaged status | Not for loan | Collection | Home library | Current library | Date acquired | Total checkouts | Full call number | Barcode | Date last seen | Price effective from | Koha item type | Public note | Source of classification or shelving scheme |
|---|---|---|---|---|---|---|---|---|---|---|---|---|---|---|---|
| General | Fundamental Scientific Library | Fundamental Scientific Library | 22/12/2016 | AII/85486 | 220085486 | 22/12/2016 | 22/12/2016 | Գրքեր / Books | 30 Days Loan | ||||||
| General | Fundamental Scientific Library | Fundamental Scientific Library | 22/12/2016 | AII/85487 | 220085487 | 22/12/2016 | 22/12/2016 | Գրքեր / Books | 30 Days Loan | ||||||
| General | Fundamental Scientific Library | Fundamental Scientific Library | 22/12/2016 | AII/85488 | 220085488 | 22/12/2016 | 22/12/2016 | Գրքեր / Books | 30 Days Loan | ||||||
| Jahukyan Individual Collection | Fundamental Scientific Library | Fundamental Scientific Library | 22/12/2016 | Djauk/2784 | 906002784 | 22/12/2016 | 22/12/2016 | Գրքեր / Books | ILL Non-Circ. | Universal Decimal Classification |
ՀՀ Գիտությունների ազգային ակադեմիայի հիմնարար գիտական գրադարան = Fundamental Scientific Library of NAS RA
All site content, except where otherwise noted, is licensed under a